000 00790nam a2200241Ia 4500
003 OSt
005 20220923214918.0
006 a|||||r|||| 00| 0
007 ta
008 220922b |||||||| |||| 00| 0 hin d
024 _a173,732
037 _cTextual
040 _aARTS
_cARTS
_bhin
041 _2hin
_ahin
082 _aO152jM87, L0
100 _aशर्मा, हरि शंकर, संपा.
_9160210
245 0 _aबाबू गुलाबराय
_b स्मृति ग्रन्थ
246 _aBābū gulābarāya: smṛuti grantha
260 _c1970
650 _aहिन्दी साहित्य
_9156264
942 _hO152jM87, L0
_cTEXL
_2CC
999 _c327596
_d327596